La compraventa internacional de mercaderías: comentario de la convención de Viena

Saved in:
Bibliografiske detaljer
Hovedforfatter: Diez Picazo y Ponce de León, Luis (Author)
Format: Bog
Sprog:spansk
Udgivet: Pamplona Aranzadi 1997
Udgivelse:1a. ed
Fag:
Tags: Tilføj Tag
Ingen Tags, Vær først til at tagge denne postø!

MARC

LEADER 00000nam a2200000 a 4500
001 UCJ2102
003 CL-VaPUC
008 061124e19970000SP |||||||||||||||||spa|d
020 |a 8447010015 
082 0 4 |a 341.754  |b DIE  |2 21 
100 0 |a Diez Picazo y Ponce de León, Luis  |e author  |9 503064 
245 1 3 |a La compraventa internacional de mercaderías: comentario de la convención de Viena 
250 |a 1a. ed 
300 |a 762 p 
942 |c BK 
945 |d 20061124 00:00:00  |a jtorresc 
260 |a Pamplona  |b Aranzadi  |c 1997 
650 0 |a Compraventa internacional   |9 359625 
650 0 |a Derecho comercial   |9 256340 
650 0 |a Contratos  |9 255153 
650 0 |a Derecho español  |9 255291 
583 |a last modification  |c 20130608 04:14:43  |k Rodrigo Vera 
999 |c 318516  |d 318514 
952 |0 0  |1 0  |4 0  |6 341_754000000000000_DIE_1997  |7 0  |8 A  |9 396344  |a BIBDER  |b BIBDER  |d 2019-11-22  |i 4293061  |l 2  |m 1  |o 341.754 DIE 1997  |p 4293061  |r 2024-09-04  |s 2024-09-04  |w 2019-11-22  |y BK  |k DER